you were there for me - Henry Moodie (All lyrics) - Statistics

General Stats
  • This quiz has been taken 27 times
  • The average score is 351 of 400
Answer Stats
Lyrics % Correct
a
100%
all
100%
for
100%
I
100%
In
100%
in
100%
me
100%
my
100%
My
100%
The
100%
the
100%
there
100%
was
100%
we
100%
were
100%
we're
100%
When
100%
when
100%
You
100%
you
100%
ghost
94%
inside
94%
lonely
94%
night
94%
nights
94%
of
94%
to
94%
days
88%
last
88%
aware
81%
away
81%
be
81%
Be
81%
Clear
81%
demons
81%
each
81%
had
81%
If
81%
I'm
81%
lost
81%
make
81%
Miss
81%
other
81%
rain
81%
same
81%
too
81%
train
81%
would
81%
your
81%
another
75%
at
75%
but
75%
Cause
75%
do
75%
drank
75%
drinking
75%
eyes
75%
faith
75%
glorious
75%
go
75%
Hollywood
75%
it
75%
movie
75%
much
75%
Nothing
75%
path
75%
sky
75%
town
75%
way
75%
we'd
75%
afraid
69%
alive
69%
batteries
69%
Bleach
69%
close
69%
danger
69%
forever
69%
gets
69%
heartbreaks
69%
house
69%
I've
69%
On
69%
on
69%
our
69%
rainy
69%
Remember
69%
savior
69%
Whenever
69%
wish
69%
around
63%
bad
63%
battles
63%
biggest
63%
bleed
63%
died
63%
far
63%
fight
63%
floods
63%
found
63%
Legends
63%
lies
63%
London
63%
meant
63%
never
63%
other's
63%
say
63%
Started
63%
they
63%
through
63%
us
63%
With
63%
blessed
56%
could
56%
cried
56%
fine
56%
Memories
56%
that
56%
blood
50%
book
50%
made
50%
then
50%
took
50%
whole
50%
fill
44%
lowest
44%
compagny
0%
No matching quizzes found
Score Distribution
Percent of People with Each Score
Percentile by Number Answered
Your Score History
You have not taken this quiz